| 000 | 00771cam a2200241 a 4500 | ||
|---|---|---|---|
| 001 | 3051433 | ||
| 005 | 20180122070824.0 | ||
| 008 | 960213s1996 meuaf b 001 0 eng | ||
| 010 | _a 96010627 | ||
| 020 | _a1571100105 (alk. paper) | ||
| 040 |
_aDLC _cDLC _dDLC |
||
| 041 | _aeng | ||
| 043 | _an-us--- | ||
| 080 | _a372.6044 HIN | ||
| 082 | 0 | 0 |
_a372.6044 HIN _220 |
| 100 | 1 | _a47 | |
| 101 | _aEDU | ||
| 245 | 1 | 0 |
_aIn the company of children / _cJoanne Hindley ; foreword by Shelley Harwayne. |
| 504 | _aIncludes bibliographical references (p. 177-182) and index. | ||
| 906 |
_a7 _bcbc _corignew _d1 _eocip _f19 _gy-gencatlg |
||
| 942 |
_2ddc _cBK |
||
| 999 |
_c40653 _d40653 |
||